| 000 | 00677nam a2200277Ia 4500 | ||
|---|---|---|---|
| 001 | Z_143 | ||
| 003 | CHAP | ||
| 008 | 220113s1989 xx 000 0 und d | ||
| 010 | _a163115 | ||
| 040 | _cCHAP | ||
| 082 | _a591.0724 L6 | ||
| 100 |
_aLoeb, Walter F _967429 |
||
| 245 |
_aThe clinical chemistry of laboratory animals / _cby Walter F. Loeb and Fred W. Quimby |
||
| 260 |
_aNew York : _bPergamon, _c1989 |
||
| 300 | _a519 p. | ||
| 440 | _a | ||
| 500 | _a | ||
| 503 | _a148697 | ||
| 650 |
_aAnimales de laboratorio I. Quimby, Fred W. II. t. _9137360 |
||
| 901 | _a591.0724 L6 | ||
| 902 | _aA | ||
| 910 | _a1989 | ||
| 942 | _c1 | ||
| 942 | _cc1 | ||
| 999 |
_c163115 _d163115 |
||